| 000 | 00544cam a22002171 4500 | ||
|---|---|---|---|
| 001 | sa 68003524 | ||
| 003 | DLC | ||
| 005 | 20260227112453.0 | ||
| 008 | 890926s1967 ii 000 1 maro | ||
| 010 | _asa 68003524 | ||
| 035 | _a(OCoLC)20397650 | ||
| 040 |
_aDLC _cWaU _dDLC |
||
| 042 | _apremarc | ||
| 050 | 0 | 0 |
_aPK2418.M3137 _bP4 |
| 100 | 0 | _aManamohana. | |
| 245 | 1 | 0 | _aPeśave Savāī Mādhavarāva. |
| 260 | _c[1967] | ||
| 300 |
_a199 p. _c19 cm. |
||
| 500 | _aIn Marathi. | ||
| 600 | 0 | 0 |
_aMadhu Rao _bI, _cPeshwa, _d1744?-1772 _vFiction. |
| 999 |
_c79546 _d79546 |
||